Pai rico, pai pobre (Registo nº 5951)

Detalhes MARC
000 -Etiqueta do registo
Valores 01696nam a2200253 4500
010 ## - Número ISBN
ISBN 9788550801483
100 ## - Dados gerais de processamento
Dados gerais 20211231d2017 m||y0pory50030103ba
200 1# - Titulo e menção de responsabilidade
Título próprio Pai rico, pai pobre
Primeira menção de responsabilidade Robert T. Kiyosaki
Outras menções de responsabilidade trad. Maria José Cyhlar Monteiro
205 ## - Menção da edição
Edição 2ª ed.
210 #9 - Publicação
Local de publicação Rio de Janeiro
Nome do editor Alta Books
Data de publicação 2017
215 ## - Descrição física 
Paginação / Volumes 234, [4] p.
304 ## - Nota relativa ao título
Texto de nota Tít. orig.: Rich Dady, Poor Dady
330 ## - Sumário ou Resumo
Texto da nota O livro de finanças pessoais mais vendido de sempre!<br/>Edição revista e atualizada - inclui 9 secções de estudo<br/>O clássico das finanças pessoais que se mantém atual<br/>Desfaz o mito de que precisa de ter um salário elevado para enriquecer - especialmente num mundo onde a tecnologia, os robôs e a economia global estão a mudar as regras.<br/>Ensina porque adquirir e criar ativos pode ser mais importante para o seu futuro do que um grande salário.<br/>Desafia a crença de que a sua casa é um ativo - como milhões de pessoas aprenderam quando a bolha imobiliária rebentou.<br/>Recorda-nos porque não podemos depender do sistema escolar para ensinar os nossos filhos sobre dinheiro - e por que razão essa competência fundamental para a vida é mais importante hoje do que nunca.<br/>Explica o que deve ensinar aos seus filhos sobre dinheiro - para que possam estar preparados para os desafios e oportunidades do mundo de hoje e desfrutar da vida rica que merecem.
606 ## - Nome comum usado como assunto
ID Autoridade 811
Palavra de ordem Economia
606 ## - Nome comum usado como assunto
ID Autoridade 812
Palavra de ordem Finanças
675 ## - CDU
Notação 64.031(035)
Edição BN
Língua por
675 ## - CDU
Notação 330.567.2
Língua por
700 ## - Autor principal (pessoa individual)
Apelido Kiyosaki
Nome Robert T.
Datas 1947-
ID Autoridade 5634
702 ## - Autor secundário (pessoa individual)
Apelido Monteiro
Nome Maria José Cyhlar
ID Autoridade 5635
801 #0 - Fonte de origem
País PT
Agência BMVN
Regras de catalogação RPC
830 ## - Notas gerais do catalogador
Criado por Inês Silva
Data de criação 31/12/2021
990 ## - Elementos KOHA
Tipo de documento Livro
Exemplares
Situação do levantamento Biblioteca de origem Código de barras Cota Permissão de empréstimo Tipo de documento Forma de aquisição
  Biblioteca Municipal de Vendas Novas 100000033738 EF KIY/PAI   Livro  

Powered by Koha